Who scored the most against these PL teams? (2010s) - Statistics

General Stats
  • This quiz has been taken 20 times
  • The average score is 6 of 20
Answer Stats
Team Goals Most prolific player against team % Correct
Arsenal 11 Sergio Aguero
73%
Liverpool 7 Sergio Aguero
60%
Tottenham 12 Sergio Aguero
53%
Chelsea 15 Sergio Aguero
47%
Newcastle 15 Sergio Aguero
47%
Manchester City 9 Wayne Rooney
47%
Everton 9 Harry Kane
40%
Leicester City 14 Harry Kane
40%
Southampton 9 Harry Kane
40%
Manchester United 9 Sergio Aguero
40%
Watford 11 Sergio Aguero
40%
West Ham 14 Wayne Rooney
40%
Burnley 9 Sergio Aguero
33%
Norwich 12 Luis Suarez
27%
Aston Villa 9 Frank Lampard
13%
Crystal Palace 8 Jermaine Defoe | Sadio Mane
7%
Brighton 9 Chris Martin
0%
Sheffield United 6 Leon Clarke
0%
Bournemouth 11 Raheem Sterling
0%
Wolves 6 Tammy Abraham
0%
No matching quizzes found
Score Distribution
Percent of People with Each Score
Percentile by Number Answered
Your Score History
You have not taken this quiz